Ligue 1 2009/2010 Classement - Statistiques

Statistiques générales
  • Ce quiz a été pris 149 fois
    124 depuis la dernière actualisation
  • Le résultat moyen est 17 sur 20
Statistiques - réponses
Classement pts Réponse % Correct
6 64 Bordeaux
100%
2 72 Lyon
100%
1 78 Marseille
100%
13 47 Paris
98%
4 70 Lille
94%
14 47 Toulouse
94%
9 53 Rennes
93%
17 40 Saint-Etienne
93%
11 48 Lens
92%
8 55 Monaco
92%
15 44 Nice
92%
5 69 Montpellier
91%
3 71 Auxerre
84%
7 58 Lorient
83%
12 48 Nancy
82%
16 41 Sochaux
79%
10 52 Valenciennes
74%
20 23 Grenoble
72%
18 32 Le Mans
65%
19 31 Boulogne-sur-Mer
29%
Aucun quiz correspondant
Distribution des résultats
% des personnes avec chaque résultat
Percentile par nombre de réponses
Votre historique - résultats
Vous n’avez pas pris ce quiz depuis la dernière actualisation